书目信息 |
| 题名: |
中国近代建筑研究与保护
|
|
| 作者: | 张复合 主编 | |
| 分册: | 1 | |
| 出版信息: | 北京 清华大学出版社 1999.11 |
|
| 页数: | 487页 | |
| 开本: | 26cm | |
| 丛书名: | ||
| 单 册: | ||
| 中图分类: | TU-092.5 | |
| 科图分类: | ||
| 主题词: | 建筑史 | |
| 电子资源: | ||
| ISBN: | 7-302-03652-7 | |
| 000 | 00583nam0 2200193 45 | |
| 001 | 0235858032 | |
| 005 | 2002061009573766 | |
| 010 | @a7-302-03652-7@dRMB 46.00 | |
| 100 | @a20020610d1999 km y0chiy0120 ea | |
| 101 | 0 | @achi |
| 102 | @aCN@b110000 | |
| 200 | 1 | @a中国近代建筑研究与保护@AZhong Guo Jin Dai Jian Zhu Yan Jiu Yu Bao Hu@f张复合主编@Fzhang fu he zhu bian@h1 |
| 210 | @a北京@c清华大学出版社@d1999.11 | |
| 215 | @a487页@d26cm | |
| 606 | 0 | @a建筑史 |
| 690 | @aTU-092.5@v3 | |
| 701 | 0 | @a张复合@Azhang fu he@4主编 |
| 801 | 0 | @aCN@bPFT@c20020610 |
| 905 | @a安徽大学@dTU-092.5@eZ100 | |
| 中国近代建筑研究与保护/张复合主编.1.-北京:清华大学出版社,1999.11 |
| 487页;26cm |
| ISBN 7-302-03652-7:RMB 46.00 |
| ● |
| 相关链接 |
|
|
|
正题名:中国近代建筑研究与保护
索取号:TU-092.5/Z100
 
预约/预借
| 序号 | 登录号 | 条形码 | 馆藏地/架位号 | 状态 | 备注 |
| 1 | 360145 | 203601450 | 建筑与城市规划学院资料室/101建筑库 108排3列6层/ [索取号:TU-092.5/Z100] | 在馆 | |
| 2 | 360146 | 203601469 | 建筑库101/101建筑库 7排4列4层/ [索取号:TU-092.5/Z100] | 在馆 | |
| 3 | 360147 | 203601478 | 建筑库101/101建筑库 7排4列4层/ [索取号:TU-092.5/Z100] | 在馆 |